<?xml version="1.0" encoding="UTF-8"?>
<collection xmlns="http://www.loc.gov/MARC21/slim">
 <record>
  <leader>00483pamaa2200169   4500</leader>
  <controlfield tag="001">0000017624</controlfield>
  <controlfield tag="005">20060405090000.0</controlfield>
  <datafield tag="020" ind1="0" ind2="0">
   <subfield code="a">0697287327 </subfield>
  </datafield>
  <datafield tag="082" ind1=" " ind2=" ">
   <subfield code="a">551 PLU 1996</subfield>
  </datafield>
  <datafield tag="090" ind1="0" ind2="0">
   <subfield code="a">QE28.2 </subfield>
   <subfield code="b">PLU 1996</subfield>
  </datafield>
  <datafield tag="100" ind1="1" ind2="0">
   <subfield code="a">PLUMMER </subfield>
  </datafield>
  <datafield tag="245" ind1="1" ind2="0">
   <subfield code="a">Physical geology : </subfield>
   <subfield code="b">student study art notebook  </subfield>
   <subfield code="c">Charles C. Plummer and David McGeary.</subfield>
  </datafield>
  <datafield tag="250" ind1="0" ind2="0">
   <subfield code="a">7th ed.</subfield>
  </datafield>
  <datafield tag="260" ind1="0" ind2="0">
   <subfield code="a">Dubuque: </subfield>
   <subfield code="b">Wm C. Brown Pub., </subfield>
   <subfield code="c">1996.</subfield>
  </datafield>
  <datafield tag="300" ind1=" " ind2=" ">
   <subfield code="a">xix, 161p.: </subfield>
   <subfield code="b">col.ill.; </subfield>
   <subfield code="c">28cm.</subfield>
  </datafield>
  <datafield tag="650" ind1="0" ind2="0">
   <subfield code="a">Geology </subfield>
  </datafield>
  <datafield tag="700" ind1="1" ind2="1">
   <subfield code="a">McGeary, </subfield>
   <subfield code="h">David </subfield>
  </datafield>
 </record>
</collection>
